[Event "VII Pontevedra Masters-A 2019"]
[Site "Pontevedra"]
[Date "2019.08.13"]
[Round "8"]
[White "Grigoryan, Karen H."]
[Black "Estremera Panos, Sergio"]
[Result "*"]
[WhiteElo "2549"]
[BlackElo "2307"]
[Annotator "ChessBase"]
[PlyCount "37"]
[EventDate "2019.??.??"]
[EventCountry "ESP"]
[SourceTitle "playchess.com"]
[Source "ChessBase"]
[SourceQuality "1"]
[TimeControl "5400+30"]

1. e4 c5 2. Nc3 d6 3. d4 cxd4 4. Qxd4 Nc6 5. Bb5 Bd7 6. Bxc6 Bxc6 7. Nf3 Nf6 8. Bg5 e6 9. O-O-O Be7 10. Rhe1 O-O 11. Kb1 h6 12. Bh4 Qc7 13. Qd2 Rfd8 14. Nd4 d5 15. e5 Ne4 16. Nxe4 Bxh4 17. Ng3 Bd7 18. Nh5 Be7 19. Qf4 *

[Event "VII Pontevedra Masters-A 2019"]
[Site "Pontevedra"]
[Date "2019.08.13"]
[Round "8"]
[White "Manolache, Marius"]
[Black "Shirov, Alexei"]
[Result "1/2-1/2"]
[WhiteElo "2504"]
[BlackElo "2658"]
[Annotator "ChessBase"]
[PlyCount "101"]
[EventDate "2019.??.??"]
[EventCountry "ESP"]
[SourceTitle "playchess.com"]
[Source "ChessBase"]
[SourceQuality "1"]
[TimeControl "5400+30"]

1. d4 d5 2. Nf3 Nf6 3. c4 c6 4. e3 Bg4 5. h3 Bh5 6. Nc3 e6 7. Be2 Nbd7 8. a4 Bb4 9. O-O a5 10. Ne1 Bxe2 11. Qxe2 O-O 12. Bd2 dxc4 13. Qxc4 e5 14. Nc2 exd4 15. exd4 Bd6 16. Qd3 Nc5 17. Qf3 Ne6 18. Rad1 Bc7 19. Bc1 Qd6 20. g3 Rad8 21. Kg2 Nd5 22. Rfe1 Bb6 23. Ne4 Qd7 24. h4 f5 25. Ng5 Nxg5 26. Bxg5 f4 27. Bxd8 fxg3 28. Qxf8+ Kxf8 29. Bxb6 Nxb6 30. fxg3 Nxa4 31. Ne3 Nb6 32. d5 Nxd5 33. Nxd5 cxd5 34. Rd4 Qc6 35. Re2 b5 36. Kh2 Kf7 37. Rf4+ Kg8 38. Rd4 a4 39. Red2 h6 40. Rxd5 b4 41. R5d4 Qc5 42. Rf4 Kh7 43. Re4 Qc1 44. Rf2 a3 45. bxa3 Qxa3 46. Re7 Qc3 47. Ree2 b3 48. Rd2 Qe3 49. Rde2 Qc3 50. Rd2 b2 51. Rf7 1/2-1/2

[Event "VII Pontevedra Masters-A 2019"]
[Site "Pontevedra"]
[Date "2019.08.13"]
[Round "8"]
[White "Petkov, Vladimir"]
[Black "Pazos Porta, Antonio"]
[Result "1-0"]
[WhiteElo "2497"]
[BlackElo "2340"]
[Annotator "ChessBase"]
[PlyCount "63"]
[EventDate "2019.??.??"]
[EventCountry "ESP"]
[SourceTitle "playchess.com"]
[Source "ChessBase"]
[SourceQuality "1"]
[TimeControl "5400+30"]

1. d4 Nf6 2. c4 d6 3. Nf3 g6 4. Nc3 Bg7 5. Bg5 h6 6. Bh4 O-O 7. e3 c5 8. Be2 g5 9. Bg3 Nh5 10. d5 Bf5 11. Nd2 Nxg3 12. hxg3 e6 13. Bg4 Bxg4 14. Qxg4 f5 15. Qh5 e5 16. g4 Qd7 17. gxf5 Qxf5 18. Nce4 Na6 19. g4 Qh7 20. a3 b5 21. Nxg5 Qd3 22. Nge4 Rxf2 23. Kxf2 Rf8+ 24. Ke1 Qxe3+ 25. Kd1 Qd4 26. g5 Qxb2 27. Rb1 Qxa3 28. gxh6 Qa4+ 29. Ke2 Rf4 30. Qe8+ Bf8 31. Qg6+ Kh8 32. Nf6 1-0

[Event "VII Pontevedra Masters-A 2019"]
[Site "Pontevedra"]
[Date "2019.08.13"]
[Round "8"]
[White "Narciso Dublan, Marc"]
[Black "Khamrakulov, Ibragim S."]
[Result "1-0"]
[WhiteElo "2489"]
[BlackElo "2437"]
[Annotator "ChessBase"]
[PlyCount "73"]
[EventDate "2019.??.??"]
[EventCountry "ESP"]
[SourceTitle "playchess.com"]
[Source "ChessBase"]
[SourceQuality "1"]
[TimeControl "5400+30"]

1. d4 Nf6 2. Bg5 e6 3. e4 c5 4. d5 h6 5. Bxf6 Qxf6 6. Nc3 d6 7. Nf3 a6 8. e5 dxe5 9. Qe2 Nd7 10. O-O-O Be7 11. g3 O-O 12. Bh3 exd5 13. Nxd5 Qd6 14. Ne3 Qc7 15. Nd5 Qd6 16. Bxd7 Bxd7 17. Nxe5 Bb5 18. c4 Ba4 19. b3 Be8 20. Ng4 Bg5+ 21. f4 Qe6 22. Qxe6 fxe6 23. Nb6 Bh5 24. h3 Bd8 25. Nxa8 Ba5 26. Rd7 Be8 27. Re7 Bc6 28. Rd1 Rxa8 29. Ne5 Be8 30. Rxb7 Bc3 31. Re7 a5 32. a4 Bd4 33. Rxe6 Bh5 34. g4 Be8 35. Kc2 Be3 36. f5 Bd4 37. Re1 1-0

[Event "VII Pontevedra Masters-A 2019"]
[Site "Pontevedra"]
[Date "2019.08.13"]
[Round "8"]
[White "Pulvett Marin, Daniel Eduardo"]
[Black "Ruck, Robert"]
[Result "0-1"]
[WhiteElo "2474"]
[BlackElo "2524"]
[Annotator "ChessBase"]
[PlyCount "104"]
[EventDate "2019.??.??"]
[EventCountry "ESP"]
[SourceTitle "playchess.com"]
[Source "ChessBase"]
[SourceQuality "1"]
[TimeControl "5400+30"]

1. d4 d5 2. c4 dxc4 3. Nf3 Nf6 4. g3 c5 5. Bg2 Nc6 6. Qa4 cxd4 7. O-O Bd7 8. Qxc4 e5 9. Ng5 Qe7 10. e3 h6 11. Ne4 Nxe4 12. Bxe4 Qc5 13. Na3 Be7 14. exd4 exd4 15. Bf4 O-O 16. Rac1 Qxc4 17. Nxc4 Rfe8 18. Rfd1 Rad8 19. f3 Be6 20. Bxc6 bxc6 21. Na5 c5 22. Nc6 Rd5 23. a3 Bf8 24. b4 Bd7 25. Na5 cxb4 26. axb4 Bxb4 27. Nb3 d3 28. Rc4 a5 29. Re4 Ba4 30. Ra1 Bb5 31. Bd2 Bxd2 32. Nxd2 a4 33. Kf2 Kf8 34. g4 Bc6 35. Rc1 Rd6 36. Re3 Ra8 37. Nc4 d2 38. Rd1 Rd4 39. Rc3 Bb5 40. Na3 Ba6 41. Rc6 Rd3 42. Nc2 Bb7 43. Nb4 Rb3 44. Rb6 Bxf3 45. Rxd2 Bxg4 46. Rd4 Be6 47. Rbd6 g5 48. Nd5 a3 49. Nc7 a2 50. Nxe6+ fxe6 51. Rd8+ Rxd8 52. Rxd8+ Ke7 0-1

[Event "VII Pontevedra Masters-A 2019"]
[Site "Pontevedra"]
[Date "2019.08.13"]
[Round "8"]
[White "Bernal Moro, Luis Javier"]
[Black "Prieto Aranguren, Alain"]
[Result "1/2-1/2"]
[WhiteElo "2428"]
[BlackElo "2272"]
[Annotator "NA"]
[PlyCount "74"]
[EventDate "2019.??.??"]
[EventCountry "ESP"]
[SourceTitle "playchess.com"]
[Source "ChessBase"]
[SourceQuality "1"]
[TimeControl "5400+30"]

1. c4 Nf6 2. Nc3 g6 3. e4 d6 4. d4 Bg7 5. Bd3 O-O 6. Nge2 Nc6 7. O-O e5 8. d5 Nd4 9. Nxd4 exd4 10. Ne2 Re8 11. f3 c5 12. Bg5 h6 13. Bh4 a6 14. a4 b6 15. Qc2 Rb8 16. Rab1 Qc7 17. h3 Bd7 18. b4 g5 19. Be1 Nh5 20. g4 Nf6 21. Bg3 Bc8 22. bxc5 bxc5 23. Rxb8 Qxb8 24. f4 Nd7 25. e5 gxf4 26. e6 fxe6 27. Nxf4 Nf6 28. Bh4 Qc7 29. Nxe6 Bxe6 30. Bxf6 Bc8 31. Qf2 Rf8 32. Qh4 Rxf6 33. Rxf6 Qe7 34. Bh7+ Kh8 35. Bf5 Qxf6 36. Qxf6 Bxf6 37. Bxc8 a5 1/2-1/2

[Event "VII Pontevedra Masters-A 2019"]
[Site "Pontevedra"]
[Date "2019.08.13"]
[Round "8"]
[White "Espineira Gonzalez, Diego"]
[Black "Rodriguez Vila, Andres"]
[Result "1/2-1/2"]
[WhiteElo "2361"]
[BlackElo "2492"]
[Annotator "ChessBase"]
[PlyCount "130"]
[EventDate "2019.??.??"]
[EventCountry "ESP"]
[SourceTitle "playchess.com"]
[Source "ChessBase"]
[SourceQuality "1"]
[TimeControl "5400+30"]

1. e4 e6 2. d4 d5 3. Nd2 Be7 4. Bd3 c5 5. dxc5 Nf6 6. Qe2 a5 7. Ngf3 O-O 8. O-O Na6 9. e5 Nd7 10. Nb3 Ndxc5 11. Nxc5 Nxc5 12. Bb5 a4 13. a3 Bd7 14. Bxd7 Nxd7 15. c4 dxc4 16. Qxc4 Nb6 17. Qg4 Qd3 18. Bg5 Bxg5 19. Qxg5 Rfd8 20. Rac1 Nc4 21. Qe7 b5 22. Rc3 Qe2 23. h4 Qxb2 24. Rfc1 h6 25. R1c2 Rd1+ 26. Kh2 Qb1 27. Kg3 Rad8 28. Rc1 Qg6+ 29. Kh2 R1d5 30. Rxc4 bxc4 31. Rxc4 R5d7 32. Qb4 Ra7 33. Re4 Qf5 34. Kg3 Kh7 35. Qc4 Rd5 36. Qe2 Qg6+ 37. Kh3 Rb5 38. g4 Rb3 39. Kg2 f5 40. exf6 gxf6 41. Nd4 e5 42. Nxb3 axb3 43. Rb4 h5 44. Rxb3 Qxg4+ 45. Qxg4 hxg4 46. Rb4 f5 47. Rb5 Re7 48. Kg3 Kg6 49. f3 gxf3 50. Kxf3 Kf6 51. Rb6+ Kf7 52. h5 Ra7 53. Kg3 Rxa3+ 54. Kh4 f4 55. Kg5 Rh3 56. Kg4 Rg3+ 57. Kf5 f3 58. Rb7+ Kg8 59. Rb1 f2 60. Rf1 Rg2 61. Kxe5 Kh7 62. Kf4 Kh6 63. Kf3 Rh2 64. Rxf2 Rxf2+ 65. Kxf2 Kxh5 1/2-1/2

[Event "VII Pontevedra Masters-A 2019"]
[Site "Pontevedra"]
[Date "2019.08.13"]
[Round "8"]
[White "Gonzalez Trigal, Jose Luis"]
[Black "Portela Peleteiro, Alberto"]
[Result "1-0"]
[WhiteElo "2339"]
[BlackElo "2375"]
[Annotator "NA"]
[PlyCount "103"]
[EventDate "2019.??.??"]
[EventCountry "ESP"]
[SourceTitle "playchess.com"]
[Source "ChessBase"]
[SourceQuality "1"]
[TimeControl "5400+30"]

1. d4 d5 2. c4 e6 3. Nf3 c6 4. e3 f5 5. Bd3 Nf6 6. O-O Bd6 7. b3 Qe7 8. Bb2 O-O 9. Qc1 b6 10. Ba3 c5 11. cxd5 Nxd5 12. Nc3 Nxc3 13. Qxc3 Bb7 14. Be2 Nd7 15. Rfd1 Rac8 16. Rac1 Nf6 17. dxc5 bxc5 18. Bb2 Qc7 19. Qc4 Rce8 20. Qh4 Ne4 21. Bb5 Rd8 22. Bc4 Qf7 23. Ne5 Bxe5 24. Bxe5 Nd2 25. Be2 Rd5 26. Bc3 Ne4 27. Bb2 Qg6 28. f3 Nf6 29. Kf1 f4 30. exf4 Rh5 31. Qg3 Qh6 32. Kg1 Nd5 33. Be5 Rxe5 34. fxe5 Rf5 35. Rxc5 Qe3+ 36. Qf2 Qxe5 37. Bd3 Rh5 38. h3 Qg5 39. Be4 Rxh3 40. Bxd5 Bxd5 41. Rdxd5 exd5 42. Rc8+ Kf7 43. Qxa7+ Kg6 44. Rc6+ Kh5 45. g4+ Kh4 46. Qf2+ Rg3+ 47. Kh2 Qf4 48. Rc3 g5 49. Rd3 h5 50. gxh5 g4 51. h6 Qc7 52. f4 1-0

[Event "VII Pontevedra Masters-A 2019"]
[Site "Pontevedra"]
[Date "2019.08.13"]
[Round "8"]
[White "Gil Perez, Gerardo"]
[Black "Buitron Ramil, David"]
[Result "0-1"]
[WhiteElo "1829"]
[BlackElo "1919"]
[Annotator "NA"]
[PlyCount "54"]
[EventDate "2019.??.??"]
[EventCountry "ESP"]
[SourceTitle "playchess.com"]
[Source "ChessBase"]
[SourceQuality "1"]
[TimeControl "5400+30"]

1. e4 c5 2. Nf3 g6 3. c3 d5 4. d3 Nc6 5. Nbd2 Bg7 6. g3 e5 7. Bg2 Nge7 8. O-O O-O 9. Nh4 g5 10. Nhf3 h6 11. Ne1 f5 12. f4 gxf4 13. gxf4 fxe4 14. fxe5 e3 15. Nb3 Rxf1+ 16. Bxf1 d4 17. Nxc5 Nxe5 18. Qb3+ Kh8 19. Ne6 Bxe6 20. Qxe6 N7c6 21. Qh3 Qf6 22. Qg3 Rg8 23. Qh3 Bf8+ 24. Kh1 Qf2 25. Bg2 Qxe1+ 26. Bf1 Nxd3 27. Bxe3 dxe3 0-1

[Event "VII Pontevedra Masters-A 2019"]
[Site "Pontevedra"]
[Date "2019.08.14"]
[Round "9"]
[White "Shirov, Alexei"]
[Black "Ruck, Robert"]
[Result "1-0"]
[WhiteElo "2658"]
[BlackElo "2524"]
[Annotator "TA"]
[PlyCount "63"]
[EventDate "2019.??.??"]
[EventCountry "ESP"]
[SourceTitle "playchess.com"]
[Source "ChessBase"]
[SourceQuality "1"]

{[%evp 11,63,34,52,26,36,14,25,17,21,6,12,0,10,0,3,0,16,25,32,-67,-25,-70,-26,-140,-150,-141,-142,-154,-156,-143,-147,-156,-142,-153,-152,-157,-142,-242,0,0,163,165,258,244,478,458,2076,1787,29982,4747,29990,29991,29997,659]} 1. e4 c5 2. Nf3 e6 3. d4 cxd4 4. Nxd4 Nc6 5. Nc3 Qc7 6. Be3 a6 7. Qf3 {B48: Sicilian: Taimanov: 5 Nc3 Qc7 6 Be3 a6 without Be2} (7. Bd3 Nf6 8. O-O Nxd4 9. Bxd4 Bc5 10. Bxc5 Qxc5 11. Na4 Qc7 12. c4 d6 13. Nc3 O-O 14. Be2 Rd8 15. Qd4 e5 16. Qe3 Be6 17. b3 Qc5 18. Qd3 Rac8 19. Rac1 {½-½ (35) Jakovenko,D (2719)-Harikrishna,P (2723) Shenzhen 2019}) 7... d6 8. O-O-O Bd7 9. g4 {White has an edge.} b5 10. Nxc6 Bxc6 11. g5 $146 ({Predecessor:} 11. Bd3 Nf6 12. g5 Nd7 13. Kb1 Ne5 14. Qg2 b4 {1-0 (31) Konguvel,P (2379)-Venkatesh,M (2445) Pardubice 2016}) 11... Qb7 12. Bg2 Ne7 13. Rhe1 Ng6 14. Qg3 b4 15. Nd5 ({White should try} 15. Ne2 $14) 15... exd5 $15 16. exd5 Bd7 17. Bf4+ (17. Bd4+ $1 $11 Kd8 18. Be4) 17... Kd8 $17 18. Bxd6 Bxd6 19. Qxd6 a5 $1 20. Qg3 Rc8 $1 21. d6 Qb5 22. Bd5 Rc5 23. Qf3 Rf8 ({Don't do} 23... Qa4 24. Bb3 $15) 24. Re4 (24. Be4 $17) 24... Bc6 $2 (24... Be6 $19 25. Red4 Rxd5 26. Rxd5 Bxd5 27. Qxd5 Qxd5 28. Rxd5 f6) 25. Bxc6 $11 Qxc6 $2 {[#]} (25... Rxc6 $11 26. Re2 Nf4 $1 {[%mdl 512]}) 26. Qe3 $1 $18 {aiming for d7.} Rxc2+ (26... f5 $142 27. gxf6 Rxc2+ 28. Kb1 gxf6) 27. Kb1 {And now d7 would win.} Qc5 $2 (27... Rc4 28. Rxc4 Qxc4) 28. Qd3 Rxf2 (28... f5 $142 29. gxf6 Rxf6 30. Qxc2 Qxc2+ 31. Kxc2 Rf5) 29. Rc1 Qb6 30. d7 {[%csl Gd7][%cal Rc1c8]} Ne7 31. Rec4 Qg6 32. Rc8+ $1 {Accuracy: White = 62%, Black = 45%.} 1-0

[Event "VII Pontevedra Masters-A 2019"]
[Site "Pontevedra"]
[Date "2019.08.14"]
[Round "9"]
[White "Rodriguez Vila, Andres"]
[Black "Lillo Castany, Victor"]
[Result "1-0"]
[WhiteElo "2492"]
[BlackElo "2332"]
[Annotator "ChessBase"]
[PlyCount "65"]
[EventDate "2019.??.??"]
[EventCountry "ESP"]
[SourceTitle "playchess.com"]
[Source "ChessBase"]
[SourceQuality "1"]
[TimeControl "5400+30"]

1. e4 c5 2. Nc3 Nc6 3. Nge2 d6 4. d4 cxd4 5. Nxd4 Nf6 6. Be3 Ng4 7. Bb5 Nxe3 8. fxe3 Bd7 9. O-O e6 10. Bxc6 bxc6 11. e5 Be7 12. exd6 Bxd6 13. Qh5 O-O 14. Ne4 Be7 15. Rad1 Qb6 16. Rf3 Rad8 17. Rh3 h6 18. Rg3 Kh8 19. Rf1 Be8 20. Qe5 Rg8 21. Rh3 Kh7 22. Nf3 Qxe3+ 23. Kh1 Kh8 24. Re1 Bf6 25. Qg3 Rd1 26. Rxd1 Qxe4 27. c3 Qc2 28. Rg1 c5 29. Ne5 Qxb2 30. Qf4 Rf8 31. Ng4 Bxc3 32. Nxh6 f6 33. Qc7 1-0

[Event "VII Pontevedra Masters-A 2019"]
[Site "Pontevedra"]
[Date "2019.08.14"]
[Round "9"]
[White "Narciso Dublan, Marc"]
[Black "Grigoryan, Karen H."]
[Result "0-1"]
[WhiteElo "2489"]
[BlackElo "2549"]
[Annotator "ChessBase"]
[PlyCount "106"]
[EventDate "2019.??.??"]
[EventCountry "ESP"]
[SourceTitle "playchess.com"]
[Source "ChessBase"]
[SourceQuality "1"]
[TimeControl "5400+30"]

1. d4 d6 2. e4 Nf6 3. f3 Nbd7 4. c4 e5 5. Be3 Be7 6. Nc3 O-O 7. Nge2 c6 8. Ng3 Ne8 9. Qd2 g6 10. Be2 Ng7 11. d5 h5 12. O-O h4 13. Nh1 f5 14. exf5 Nxf5 15. dxc6 bxc6 16. Nf2 Nxe3 17. Qxe3 Nc5 18. Bd3 Nxd3 19. Nxd3 Bf5 20. Rad1 Re8 21. Kh1 Bg5 22. Qe2 Qc7 23. Ne4 Be7 24. g4 Be6 25. Rc1 Rad8 26. Qe3 Kg7 27. b3 a5 28. h3 Bg8 29. Kg1 Qb8 30. Nef2 a4 31. bxa4 Qa8 32. c5 Qxa4 33. cxd6 Bxd6 34. Ne4 Bb8 35. Qg5 Rf8 36. Qe7+ Bf7 37. Qf6+ Kg8 38. Ndf2 Qa7 39. Qxh4 Bd5 40. Nf6+ Kg7 41. Nxd5 cxd5 42. Rc6 Rd6 43. Rxd6 Bxd6 44. Kg2 Qa3 45. Nh1 e4 46. fxe4 Rxf1 47. Kxf1 Qd3+ 48. Kg1 Qb1+ 49. Kf2 Bc5+ 50. Ke2 Qxe4+ 51. Kd2 Bb4+ 52. Kc1 Qe3+ 53. Kc2 Qc3+ 0-1

[Event "VII Pontevedra Masters-A 2019"]
[Site "Pontevedra"]
[Date "2019.08.14"]
[Round "9"]
[White "Khamrakulov, Ibragim S."]
[Black "Bobadilla Viera, Jorge Samuel"]
[Result "1-0"]
[WhiteElo "2437"]
[BlackElo "2381"]
[Annotator "ChessBase"]
[PlyCount "131"]
[EventDate "2019.??.??"]
[EventCountry "ESP"]
[SourceTitle "playchess.com"]
[Source "ChessBase"]
[SourceQuality "1"]
[TimeControl "5400+30"]

1. e4 c5 2. c3 Nf6 3. e5 Nd5 4. Nf3 Nc6 5. Bc4 Nb6 6. Bb3 c4 7. Bc2 d6 8. exd6 Qxd6 9. O-O Bg4 10. Qe2 O-O-O 11. h3 Bh5 12. Na3 Qf6 13. Nxc4 Nxc4 14. Qxc4 Bxf3 15. gxf3 Qxf3 16. Qg4+ Qxg4+ 17. hxg4 e5 18. f4 exf4 19. Rxf4 f6 20. d4 h5 21. Bd1 Bd6 22. Re4 hxg4 23. Bxg4+ Kc7 24. Bf3 f5 25. Re2 Rh3 26. Bg2 Rg3 27. Bd2 Rh8 28. Rf1 g6 29. Re6 Rg4 30. Rf2 f4 31. Kf1 g5 32. Be4 Rg3 33. Rg6 Re8 34. Bd5 Ne7 35. Rg7 Kd8 36. Be6 Rh8 37. Ke2 Rh6 38. Bc4 Nf5 39. Rg8+ Kc7 40. Bd5 Ne3 41. Rg7+ Kd8 42. Bxb7 Ng4 43. Rg2 Re6+ 44. Kf1 Rxg2 45. Bxg2 Be7 46. Rg8+ Kc7 47. Bxf4+ gxf4 48. Rxg4 Bd6 49. Rg7+ Re7 50. Rxe7+ Bxe7 51. b3 Ba3 52. Ke2 Kb6 53. Kd3 Kb5 54. Bf3 Kb6 55. b4 Bc1 56. a4 Be3 57. c4 Bf2 58. c5+ Kc7 59. Kc4 Be1 60. b5 Bd2 61. d5 Be3 62. d6+ Kd8 63. a5 Kc8 64. c6 Bd2 65. c7 Bxa5 66. Bg4+ 1-0

[Event "VII Pontevedra Masters-A 2019"]
[Site "Pontevedra"]
[Date "2019.08.14"]
[Round "9"]
[White "Gonzalez Trigal, Jose Luis"]
[Black "Manolache, Marius"]
[Result "1/2-1/2"]
[WhiteElo "2339"]
[BlackElo "2504"]
[Annotator "TA"]
[PlyCount "58"]
[EventDate "2019.??.??"]
[EventCountry "ESP"]
[SourceTitle "playchess.com"]
[Source "ChessBase"]
[SourceQuality "1"]

{[%evp 18,58,15,17,15,21,33,11,25,15,25,10,6,0,0,0,0,0,0,0,0,-27,0,0,-1,-7,-3,-1,-10,-7,0,0,0,0,0,0,0,0,85,71,73,64,130]} 1. d4 Nf6 2. c4 d6 3. Nf3 g6 4. g3 c6 5. Nc3 Bg7 6. Bg2 a6 7. a4 a5 8. O-O O-O 9. e4 Na6 10. h3 Nb4 {E62: King's Indian: Fianchetto: 6...c6 and Panno Variation (6...Nc6) without ...a6} 11. Be3 (11. Re1 Nd7 12. Be3 e5 13. Qe2 Re8 14. Rad1 Qe7 15. b3 exd4 16. Bxd4 Ne5 17. Rd2 Be6 18. Red1 {1-0 (43) Bu,X (2705)-Onischuk,V (2601) Doha 2016}) 11... Re8 $146 ({Predecessor:} 11... Be6 12. b3 Qc8 13. Kh2 Re8 14. Qd2 Bd7 15. e5 Nh5 16. Bh6 Bh8 17. Ne4 Bf5 18. Rfe1 Bxe4 19. Rxe4 {0-1 (34) Piotrowski,P (2314)-Rocha,S (2370) Katowice 2017}) 12. Qd2 Nd7 {The position is equal.} 13. Rad1 e5 14. Rfe1 Qe7 15. b3 exd4 16. Bxd4 Ne5 17. Nxe5 dxe5 18. Be3 Be6 19. Na2 Red8 20. Qe2 Nxa2 21. Qxa2 Bf8 22. Qc2 Qb4 23. Bd2 Qc5 24. Be3 Qb4 25. Bd2 Qc5 26. Be3 $36 {[%mdl 2048] White has some pressure.} Qb4 27. Bd2 Rxd2 (27... Qb6 $11) 28. Rxd2 $16 ({Don't play} 28. Qxd2 Qxb3 29. Rb1 Qxc4 $15) 28... b5 29. Bf1 Bc5 {Accuracy: White = 44%, Black = 67%.} ({Black should play} 29... bxa4 $14 30. bxa4 Rb8) 1/2-1/2

[Event "VII Pontevedra Masters-A 2019"]
[Site "Pontevedra"]
[Date "2019.08.14"]
[Round "9"]
[White "Solozhenkina, Elizaveta"]
[Black "Pulvett Marin, Daniel Eduardo"]
[Result "0-1"]
[WhiteElo "2324"]
[BlackElo "2474"]
[Annotator "ChessBase"]
[PlyCount "101"]
[EventDate "2019.??.??"]
[EventCountry "ESP"]
[SourceTitle "playchess.com"]
[Source "ChessBase"]
[SourceQuality "1"]
[TimeControl "5400+30"]

1. Nf3 Nf6 2. g3 d5 3. Bg2 e6 4. O-O c5 5. d3 Nc6 6. Nbd2 g6 7. e4 Bg7 8. exd5 Nxd5 9. Re1 O-O 10. Nc4 Qc7 11. a4 b6 12. Bd2 Rb8 13. Qc1 Rd8 14. Bh6 f6 15. c3 e5 16. Bxg7 Kxg7 17. Ne3 Be6 18. Qc2 Qf7 19. Nd2 Rd7 20. Ndc4 Rbd8 21. Rad1 Nce7 22. b3 h5 23. Rd2 h4 24. Red1 hxg3 25. hxg3 Nxe3 26. fxe3 Nf5 27. Kf2 Rh8 28. Rh1 Rxh1 29. Bxh1 Kf8 30. Qd1 Qh7 31. Bg2 Qh6 32. Qe2 Qg5 33. g4 Nh6 34. Ke1 Nxg4 35. e4 Bxc4 36. dxc4 Qxd2+ 37. Qxd2 Rxd2 38. Kxd2 a5 39. Ke2 Kf7 40. Bh3 f5 41. Kf3 Nh6 42. Bg2 Kf6 43. Kg3 Kg5 44. Bf3 Nf7 45. exf5 gxf5 46. Bd5 Nd6 47. Kf3 e4+ 48. Ke3 f4+ 49. Ke2 Kf5 50. Kf2 Ke5 51. b4 0-1

[Event "VII Pontevedra Masters-A 2019"]
[Site "Pontevedra"]
[Date "2019.08.14"]
[Round "9"]
[White "Estremera Panos, Sergio"]
[Black "Bernal Moro, Luis Javier"]
[Result "0-1"]
[WhiteElo "2307"]
[BlackElo "2428"]
[Annotator "ChessBase"]
[PlyCount "64"]
[EventDate "2019.??.??"]
[EventCountry "ESP"]
[SourceTitle "playchess.com"]
[Source "ChessBase"]
[SourceQuality "1"]
[TimeControl "5400+30"]

1. d4 Nf6 2. c4 g6 3. Nc3 Bg7 4. e4 d6 5. Nf3 O-O 6. Be2 e5 7. d5 c5 8. Bg5 h6 9. Bh4 Qc7 10. Nd2 Nh7 11. a3 h5 12. h3 Bh6 13. Rg1 a6 14. a4 Nd7 15. Ra3 Ndf6 16. Nf1 Bg5 17. Bg3 h4 18. Bh2 Qe7 19. Qd3 Kg7 20. Nd2 Bf4 21. g3 hxg3 22. fxg3 Bh6 23. Nd1 Bxd2+ 24. Kxd2 Ng5 25. Nf2 Nxh3 26. Nxh3 Bxh3 27. g4 Rh8 28. Rb3 Bxg4 29. Bg3 Bxe2 30. Qxe2 Rh3 31. Rb6 Rah8 32. Qg2 Rxg3 0-1

[Event "VII Pontevedra Masters-A 2019"]
[Site "Pontevedra"]
[Date "2019.08.14"]
[Round "9"]
[White "Laiz Ibanez, Hector"]
[Black "Petkov, Vladimir"]
[Result "0-1"]
[WhiteElo "2268"]
[BlackElo "2497"]
[Annotator "ChessBase"]
[PlyCount "64"]
[EventDate "2019.??.??"]
[EventCountry "ESP"]
[SourceTitle "playchess.com"]
[Source "ChessBase"]
[SourceQuality "1"]
[TimeControl "5400+30"]

1. e4 e5 2. Nf3 Nc6 3. Bb5 g6 4. c3 a6 5. Ba4 Bg7 6. d4 exd4 7. cxd4 Nge7 8. d5 b5 9. Bc2 Na5 10. Bd2 c5 11. Bc3 Bxc3+ 12. Nxc3 d6 13. h3 Nc4 14. Bb3 Nxb2 15. Qe2 Nc4 16. Bxc4 bxc4 17. O-O O-O 18. Qxc4 f6 19. Rfe1 g5 20. e5 fxe5 21. Nxg5 Nf5 22. Qg4 Kh8 23. Qh5 Ra7 24. Re4 Rg7 25. Rg4 Nd4 26. Rg3 Bf5 27. Re1 c4 28. Nce4 Qa5 29. Ree3 Qxd5 30. Qh6 Bxe4 31. Nxh7 Nf5 32. Qxg7+ Nxg7 0-1

[Event "VII Pontevedra Masters-A 2019"]
[Site "Pontevedra"]
[Date "2019.08.14"]
[Round "9"]
[White "Buitron Ramil, David"]
[Black "Fernandez Lopez, Pedro"]
[Result "1-0"]
[WhiteElo "1919"]
[BlackElo "1710"]
[Annotator "NA"]
[PlyCount "121"]
[EventDate "2019.??.??"]
[EventCountry "ESP"]
[SourceTitle "playchess.com"]
[Source "ChessBase"]
[SourceQuality "1"]
[TimeControl "5400+30"]

1. Nf3 d5 2. g3 Bf5 3. Bg2 h6 4. O-O e6 5. d3 Nf6 6. Nfd2 c6 7. e4 dxe4 8. dxe4 Bg6 9. a4 Bc5 10. c3 a5 11. Na3 Nbd7 12. Qe1 Ne5 13. Kh1 Nfg4 14. Qe2 Bh5 15. f3 Ne3 16. Nb3 Bxa3 17. Bxe3 Be7 18. g4 Bg6 19. f4 Qd3 20. Qxd3 Nxd3 21. Rab1 f5 22. gxf5 exf5 23. e5 Bf7 24. Nd4 O-O-O 25. Nxf5 Bf8 26. Bb6 Rd7 27. Nd4 Bd5 28. e6 Bxg2+ 29. Kxg2 Rd5 30. Rf3 Nc5 31. b3 Na6 32. Re1 Be7 33. c4 Rh5 34. Ne2 Bb4 35. Rd1 Rf5 36. Re3 Bc5 37. e7 Bxb6 38. e8=Q+ Rxe8 39. Rxe8+ Kc7 40. Re7+ Kb8 41. Rdd7 Nc5 42. Re8+ Ka7 43. Rxg7 Nxb3 44. Ree7 Nc5 45. Nd4 Rxf4 46. Nxc6+ Ka6 47. Ne5 Nxa4 48. Rxb7 Bd4 49. Rbe7 Bxe5 50. Re6+ Nb6 51. Rxe5 Rxc4 52. Rg6 a4 53. Rxh6 a3 54. Re3 Ra4 55. Ree6 a2 56. Rxb6+ Ka7 57. Rbe6 Rg4+ 58. Kh3 a1=Q 59. Ra6+ Qxa6 60. Rxa6+ Kxa6 61. Kxg4 1-0